[Event "Wloclawek CC Classic 06th"]
[Site "Wloclawek"]
[Date "2013.??.??"]
[Round "3"]
[White "Duda, Jan"]
[Black "Orlowski, Kuba"]
[Result "1-0"]
[WhiteElo "1200"]
[BlackElo "1000"]
[PlyCount "25"]
[EventDate "2013.03.??"]
[EventType "swiss"]
[EventRounds "7"]
[EventCountry "POL"]
[SourceTitle "EXT 2021"]
[Source "ChessBase"]
[SourceDate "2020.10.23"]
[SourceVersion "1"]
[SourceVersionDate "2020.10.23"]
[SourceQuality "1"]

1. e4 e5 2. Nf3 d6 3. Bc4 g6 4. d3 Bg7 5. Ng5 h6 6. Nxf7 Qd7 7. Nxh8 Bxh8 8. Bxg8 c6 9. Nc3 Kf8 10. Bc4 a6 11. Bxh6+ Ke7 12. Qf3 b5 13. Qf8# 1-0